The environmental assessment of plans and programmes (Record no. 117870)

MARC details
000 -LEADER
fixed length control field 01123cam a2200241 4500
001 - CONTROL NUMBER
control field ABS68128
008 - FIXED-LENGTH DATA ELEMENTS--GENERAL INFORMATION
fixed length control field 040819n2004 000 0 eng u
035 ## - SYSTEM CONTROL NUMBER
System control number (Sirsi) u127111
100 ## - MAIN ENTRY--PERSONAL NAME
Personal name Robinson, J.
245 #4 - TITLE STATEMENT
Title The environmental assessment of plans and programmes
260 ## - PUBLICATION, DISTRIBUTION, ETC.
Date of publication, distribution, etc. 2004
490 ## - SERIES STATEMENT
Series statement Journal of Planning and Environment Law
Volume/sequential designation August 2004, 1028-1048(21)
520 ## - SUMMARY, ETC.
Summary, etc. The Strategic Environment Assessment (SEA) directive (Directive 2001/42/EC) came into force 21 July 2004 and fills the gap not covered by the environmental impact assessment directive (Directive 85/337/EC). The SEA directive requires the transparent assessment of the likely environmental effects of developing and planning a wide range of plans and programmes. This article considers issues arising from the introduction of SEA at EC and national levels.
590 ## - LOCAL NOTE (RLIN)
Local note ABS
590 ## - LOCAL NOTE (RLIN)
Local note ABS
650 ## - SUBJECT ADDED ENTRY--TOPICAL TERM
Topical term or geographic name entry element DIRECTIVE 2001/42/EC
650 ## - SUBJECT ADDED ENTRY--TOPICAL TERM
Topical term or geographic name entry element DIRECTIVE 85/337/EEC
650 ## - SUBJECT ADDED ENTRY--TOPICAL TERM
Topical term or geographic name entry element ENVIRONMENTAL IMPACT ASSESSMENTS
650 ## - SUBJECT ADDED ENTRY--TOPICAL TERM
Topical term or geographic name entry element PLANNING POLICY
690 ## - LOCAL SUBJECT ADDED ENTRY--TOPICAL TERM (OCLC, RLIN)
Topical term or geographic name as entry element ENVIRONMENT-AUDIT/ASSESSMENT
700 ## - ADDED ENTRY--PERSONAL NAME
Personal name Elvin, D.
942 ## - ADDED ENTRY ELEMENTS (KOHA)
Suppress in OPAC 0
Holdings
Withdrawn status Lost status Source of classification or shelving scheme Damaged status Not for loan Home library Current library Shelving location Date acquired Total Checkouts Full call number Barcode Date last seen Copy number Price effective from Koha item type
    Dewey Decimal Classification     London London Journal article 19/08/2004   ABS68128 127111-1001 06/08/2019 1 06/08/2019 Journal article